000 00443pab a2200157 454500
008 180718b2003 xxu||||| |||| 00| 0 eng d
100 _aMahanta, Bhaskar Jyoti
245 _a`AASHWAS' an Assam police initiative for the welfare of children in a conflict situation
260 _c2003
300 _ap.81-89.
362 _aJan-Mar
650 _aPolice - India - Assam
650 _aPolice
773 _aIndian Police Journal
909 _a58676
999 _c58676
_d58676